| 000 | 00766nam a2200229 a 4500 | ||
|---|---|---|---|
| 005 | 20210223130538.0 | ||
| 008 | 080722s1981 mx r 000 0 spa d | ||
| 035 | _aUPN01000157849 | ||
| 049 | _aUNE | ||
| 080 | _a392.3 -053.2 (6)=20 AYO No.58. | ||
| 100 | 1 | _aAyot, H.O. | |
| 245 | 1 | 0 |
_aHow the very young child grows up in Africa : a resource document / _cH.O. Ayot. |
| 260 |
_aParís : _bUNESCO ; _aNew York : _bUNICEF, _c1981. |
||
| 300 | _a16 p. | ||
| 440 | 0 |
_aNotes, Comments... ; _v58 |
|
| 690 | _aDesarrollo del niño - Papel de la familia - Africa | ||
| 690 | _aPapel de la familia - Desarrollo del niño - Africa | ||
| 690 | _aAfrica - Desarrollo del niño - Papel de la familia | ||
| 710 | 2 |
_aUNICEF _924085 |
|
| 710 | 2 | _aUNESCO | |
| 905 | _aUNESCO | ||
| 999 |
_c129963 _d129963 |
||